[Event "Baku President's Cup 2nd"]
[Site "Baku"]
[Date "2007.05.05"]
[Round "3"]
[White "Badalov, Samir"]
[Black "Rzayev, Bahruz Iqbal Oglu"]
[Result "1/2-1/2"]
[WhiteElo "2245"]
[BlackElo "2054"]
[PlyCount "47"]
[EventDate "2007.05.03"]
[EventType "swiss"]
[EventRounds "9"]
[EventCountry "AZE"]
[SourceTitle "CBM 118 Extra"]
[Source "ChessBase"]
[SourceDate "2007.07.04"]
[SourceVersion "1"]
[SourceVersionDate "2007.07.04"]
[SourceQuality "1"]

1. d4 d5 2. Nf3 Nf6 3. c4 dxc4 4. e3 e6 5. Bxc4 c5 6. 0-0 a6 7. Qe2 Nc6 8. Rd1 Qc7 9. Nc3 Be7 10. dxc5 Bxc5 11. a3 b5 12. Bd3 Bb7 13. b4 Ba7 14. Bb2 0-0 15. Ne4 Nxe4 16. Bxe4 f5 17. Bxc6 Bxc6 18. Rac1 Qb7 19. Be5 Rac8 20. Bd6 Rfd8 21. Bc5 Bd5 22. Bxa7 Qxa7 23. Qb2 Qb7 24. Qe5 1/2-1/2

[Event "Baku Cup-B"]
[Site "Baku"]
[Date "2003.??.??"]
[Round "?"]
[White "Badalov, Samir"]
[Black "Allahverdiyev, Elchin Jahangir O"]
[Result "1/2-1/2"]
[WhiteElo "2290"]
[BlackElo "2125"]
[PlyCount "80"]
[EventDate "2003.??.??"]
[EventType "swiss"]
[EventRounds "9"]
[EventCountry "AZE"]
[SourceTitle "EXT 2005"]
[Source "ChessBase"]
[SourceDate "2004.11.15"]
[SourceVersion "1"]
[SourceVersionDate "2004.11.15"]
[SourceQuality "1"]

1. e4 c5 2. Ne2 e6 3. d4 cxd4 4. Nxd4 a6 5. Nc3 Qc7 6. g3 Nc6 7. Bg2 Nf6 8. 0-0 h5 9. Bg5 Ng4 10. Nf3 Bc5 11. Qe2 f6 12. Bf4 e5 13. Nd5 Qb8 14. Bd2 Nd4 15. Nxd4 exd4 16. Bf4 Ne5 17. b4 Ba7 18. Bxe5 Qxe5 19. Qd3 Kd8 20. f4 Qe6 21. Kh1 h4 22. gxh4 Rxh4 23. Qg3 Qg4 24. Qxg4 Rxg4 25. Bf3 Rh4 26. Rg1 Rh7 27. Rg3 d3 28. cxd3 d6 29. Rc1 Bd7 30. Rc7 Bf2 31. Rg2 Bd4 32. Rxd7+ Kxd7 33. Bg4+ Kd8 34. Bf5 Rc8 35. Bxc8 Kxc8 36. Rc2+ Kb8 37. Kg2 g5 38. Rc4 Bb2 39. f5 Be5 40. h3 b5 1/2-1/2

[Event "Baku EU qual"]
[Site "Baku"]
[Date "2002.??.??"]
[Round "?"]
[White "Badalov, Samir"]
[Black "Guliyev, Namig"]
[Result "1/2-1/2"]
[WhiteElo "2307"]
[BlackElo "2377"]
[PlyCount "80"]
[EventDate "2002.??.??"]
[EventType "tourn"]
[EventRounds "9"]
[EventCountry "AZE"]
[EventCategory "2"]
[SourceTitle "EXT 2003"]
[Source "ChessBase"]
[SourceDate "2002.11.25"]
[SourceVersion "1"]
[SourceVersionDate "2002.11.25"]
[SourceQuality "1"]

1. e4 e6 2. d4 d5 3. Nc3 Nf6 4. e5 Nfd7 5. f4 c5 6. Nf3 Nc6 7. Be3 cxd4 8. Nxd4 Bc5 9. Qd2 0-0 10. 0-0-0 a6 11. h4 Nxd4 12. Bxd4 b5 13. Rh3 Bb7 14. Rg3 Bxd4 15. Qxd4 Qxh4 16. Rh3 Qe7 17. Bd3 f5 18. g4 Nc5 19. Rdh1 Nxd3+ 20. cxd3 h6 21. g5 hxg5 22. fxg5 Qxg5+ 23. Kb1 Rac8 24. Ne4 fxe4 25. Rh8+ Kf7 26. Rf1+ Kg6 27. Rhxf8 Rxf8 28. Rxf8 Qg3 29. dxe4 dxe4 30. Rf1 e3 31. Qd3+ Kh6 32. Qc3 Be4+ 33. Kc1 Kg5 34. Re1 b4 35. Rxe3 Qf4 36. Qe1 Kf5 37. Qg3 g5 38. Qh3+ Kxe5 39. Qh8+ Kf5 40. Qh7+ Ke5 1/2-1/2

[Event "Baku EU qual"]
[Site "Baku"]
[Date "2002.??.??"]
[Round "?"]
[White "Guliev, Logman"]
[Black "Badalov, Samir"]
[Result "1-0"]
[WhiteElo "2390"]
[BlackElo "2307"]
[PlyCount "90"]
[EventDate "2002.??.??"]
[EventType "tourn"]
[EventRounds "9"]
[EventCountry "AZE"]
[EventCategory "2"]
[SourceTitle "EXT 2003"]
[Source "ChessBase"]
[SourceDate "2002.11.25"]
[SourceVersion "1"]
[SourceVersionDate "2002.11.25"]
[SourceQuality "1"]

1. e4 c5 2. Nf3 d6 3. d4 cxd4 4. Nxd4 Nf6 5. Nc3 g6 6. Be3 Bg7 7. Qd2 Nc6 8. f3 0-0 9. 0-0-0 Bd7 10. h4 Ne5 11. g4 Rc8 12. Kb1 Qa5 13. Nd5 Qxd2 14. Nxe7+ Kh8 15. Bxd2 Rce8 16. h5 Nxf3 17. Nxf3 Bxg4 18. h6 Bxf3 19. hxg7+ Kxg7 20. Bh6+ Kh8 21. Bd3 Bxd1 22. Rxd1 Ng4 23. Bxf8 Rxf8 24. Rf1 Ne5 25. Be2 Kg7 26. Kc1 Re8 27. Nd5 Nd7 28. Nc3 Re6 29. a4 Rf6 30. a5 a6 31. b4 Rxf1+ 32. Bxf1 Kf6 33. Bh3 Nb8 34. Bc8 h5 35. Bxb7 h4 36. Kd2 Ke5 37. Ke3 g5 38. Nd1 d5 39. Nf2 dxe4 40. Nxe4 g4 41. Nc5 h3 42. Nxa6 Nxa6 43. Bxa6 f5 44. Bb7 h2 45. Kf2 f4 1-0

[Event "Baku EU qual"]
[Site "Baku"]
[Date "2002.??.??"]
[Round "?"]
[White "Pavlenko, Oleg"]
[Black "Badalov, Samir"]
[Result "1/2-1/2"]
[WhiteElo "2272"]
[BlackElo "2307"]
[PlyCount "46"]
[EventDate "2002.??.??"]
[EventType "tourn"]
[EventRounds "9"]
[EventCountry "AZE"]
[EventCategory "2"]
[SourceTitle "EXT 2003"]
[Source "ChessBase"]
[SourceDate "2002.11.25"]
[SourceVersion "1"]
[SourceVersionDate "2002.11.25"]
[SourceQuality "1"]

1. e4 c6 2. c4 d5 3. exd5 cxd5 4. cxd5 Nf6 5. Bb5+ Nbd7 6. Nc3 g6 7. Nf3 Bg7 8. 0-0 0-0 9. d6 exd6 10. d4 a6 11. Be2 b5 12. Bg5 Bb7 13. a3 h6 14. Bh4 Nb6 15. Nd2 Qd7 16. Bf3 Nfd5 17. Nxd5 Nxd5 18. Qb3 Nf4 19. Bg3 Bxf3 20. Qxf3 Ne6 21. Nb3 Rac8 22. Qd5 Rc2 23. Rac1 Rfc8 1/2-1/2

[Event "AZE-chT"]
[Site "Baku"]
[Date "2000.??.??"]
[Round "?"]
[White "Badalov, Samir"]
[Black "Aliev, Vladislav"]
[Result "1/2-1/2"]
[WhiteElo "2322"]
[BlackElo "2240"]
[PlyCount "63"]
[EventDate "2000.??.??"]
[EventType "team"]
[EventRounds "9"]
[EventCountry "AZE"]
[SourceTitle "EXT 2002"]
[Source "ChessBase"]
[SourceDate "2001.11.25"]
[SourceVersion "1"]
[SourceVersionDate "2001.11.25"]
[SourceQuality "1"]

1. e4 c5 2. Nf3 d6 3. d4 cxd4 4. Nxd4 Nf6 5. Nc3 g6 6. Be3 Bg7 7. f3 Nc6 8. Qd2 0-0 9. Bc4 Bd7 10. h4 Rc8 11. Bb3 Ne5 12. 0-0-0 Qa5 13. h5 Nxh5 14. g4 Nf6 15. Bh6 Rxc3 16. Bxg7 Rxc2+ 17. Kxc2 Qxd2+ 18. Kxd2 Kxg7 19. Ke3 h6 20. Rc1 Bc6 21. Bd1 d5 22. Nxc6 Nxc6 23. Ba4 dxe4 24. Bxc6 bxc6 25. Rxc6 Rd8 26. fxe4 Nxg4+ 27. Kf4 h5 28. Rc7 Rd3 29. Rf1 Nh2 30. Rh1 Ng4 31. Rf1 Nh2 32. Rh1 1/2-1/2

[Event "AZE-ch"]
[Site "Baku"]
[Date "2000.??.??"]
[Round "?"]
[White "Badalov, Samir"]
[Black "Gashimov, Vugar"]
[Result "1/2-1/2"]
[WhiteElo "2322"]
[BlackElo "2426"]
[PlyCount "99"]
[EventDate "2000.??.??"]
[EventType "tourn"]
[EventRounds "10"]
[EventCountry "AZE"]
[EventCategory "6"]
[SourceTitle "EXT 2002"]
[Source "ChessBase"]
[SourceDate "2001.11.25"]
[SourceVersion "1"]
[SourceVersionDate "2001.11.25"]
[SourceQuality "1"]

1. d4 Nf6 2. Nf3 e6 3. e3 b6 4. Bd3 Bb7 5. 0-0 c5 6. c4 Be7 7. Nc3 d6 8. d5 e5 9. Ng5 h6 10. Nh3 0-0 11. f4 exf4 12. exf4 Bc8 13. Nf2 Ne8 14. Qf3 f5 15. Bd2 g6 16. Rae1 Bf6 17. g4 Ng7 18. Kh1 Bh4 19. gxf5 Nxf5 20. Re6 Kh7 21. Ng4 Bxe6 22. dxe6 Na6 23. Qb7+ Nc7 24. Nd5 Rc8 25. Bc3 h5 26. Ngf6+ Bxf6 27. Bxf5 Rb8 28. Bxf6 Rxb7 29. Bxd8 Nxd5 30. cxd5 Rxd8 31. Be4 Rf8 32. Kg2 Kg7 33. h4 Rbb8 34. Rf2 Rf6 35. Kf3 Kf8 36. Rg2 Ke7 37. Ke3 Rbf8 38. Rf2 b5 39. b3 a6 40. Rf1 Kd8 41. Rf2 Ke7 42. Rf1 Rc8 43. Rg1 c4 44. bxc4 bxc4 45. Rb1 Rc7 46. Rb8 Rf8 47. Rb6 c3 48. Bc2 a5 49. Rb1 a4 50. a3 1/2-1/2

[Event "AZE-ch"]
[Site "Baku"]
[Date "2000.??.??"]
[Round "?"]
[White "Badalov, Samir"]
[Black "Maharramzade, Javad"]
[Result "0-1"]
[WhiteElo "2322"]
[BlackElo "2423"]
[PlyCount "96"]
[EventDate "2000.??.??"]
[EventType "tourn"]
[EventRounds "10"]
[EventCountry "AZE"]
[EventCategory "6"]
[SourceTitle "EXT 2002"]
[Source "ChessBase"]
[SourceDate "2001.11.25"]
[SourceVersion "1"]
[SourceVersionDate "2001.11.25"]
[SourceQuality "1"]

1. e4 c6 2. d4 d5 3. Nd2 dxe4 4. Nxe4 Bf5 5. Ng3 Bg6 6. Nf3 Nd7 7. h4 h6 8. h5 Bh7 9. Bd3 Bxd3 10. Qxd3 Qc7 11. Rh4 e6 12. Bf4 Bd6 13. Bxd6 Qxd6 14. Ne4 Qe7 15. Qa3 Qxa3 16. bxa3 Ke7 17. Rb1 Rb8 18. Nc5 Nxc5 19. dxc5 a5 20. Ne5 Nf6 21. Rd4 Rhc8 22. g4 Rc7 23. f4 Nd7 24. Rd6 Nxe5 25. fxe5 f6 26. Ke2 fxe5 27. Ke3 Rf8 28. Rg1 Rd7 29. Rxd7+ Kxd7 30. g5 Rf5 31. gxh6 gxh6 32. Rg7+ Kc8 33. Ke4 Rxh5 34. a4 Kb8 35. Rh7 Rh4+ 36. Kxe5 Rxa4 37. Rxh6 Rxa2 38. Rh2 Ra4 39. Rh8+ Ka7 40. Kd6 Rc4 41. Rh2 Rc3 42. Re2 Ka6 43. Rxe6 Rxc2 44. Re1 Rd2+ 45. Kc7 Rb2 46. Rc1 a4 47. Ra1 Ka5 48. Kb8 Rb5 0-1

[Event "Baku Bestcomp Cup active"]
[Site "Baku"]
[Date "2000.??.??"]
[Round "?"]
[White "Bagirov, Rufat"]
[Black "Badalov, Samir"]
[Result "1-0"]
[WhiteElo "2481"]
[BlackElo "2322"]
[PlyCount "69"]
[EventDate "2000.??.??"]
[EventType "k.o. (rapid)"]
[EventRounds "5"]
[EventCountry "AZE"]
[SourceTitle "EXT 2002"]
[Source "ChessBase"]
[SourceDate "2001.11.25"]
[SourceVersion "1"]
[SourceVersionDate "2001.11.25"]
[SourceQuality "1"]

1. d4 Nf6 2. c4 c5 3. d5 e5 4. Nc3 d6 5. e4 Be7 6. g3 0-0 7. Bg2 Nbd7 8. Nf3 Ne8 9. h4 Ndf6 10. Qe2 a6 11. a4 Rb8 12. Bd2 b6 13. 0-0 Nc7 14. Ne1 Bg4 15. Qd3 Bd7 16. Nc2 Ng4 17. f3 Nh6 18. Bxh6 gxh6 19. Ne3 Kh8 20. Nf5 h5 21. f4 exf4 22. Rxf4 Bxf5 23. Rxf5 Bf6 24. Raf1 Bd4+ 25. Kh1 f6 26. e5 Bxc3 27. Rxh5 Rf7 28. e6 Rg7 29. Qe3 Ne8 30. Be4 Rbb7 31. Rhf5 a5 32. Qf3 Qe7 33. g4 h6 34. Rh5 Kg8 35. Rxh6 1-0

[Event "AZE-ch"]
[Site "Baku"]
[Date "2000.??.??"]
[Round "?"]
[White "Dovliatov, Sanan"]
[Black "Badalov, Samir"]
[Result "1-0"]
[WhiteElo "2327"]
[BlackElo "2322"]
[PlyCount "87"]
[EventDate "2000.??.??"]
[EventType "tourn"]
[EventRounds "10"]
[EventCountry "AZE"]
[EventCategory "6"]
[SourceTitle "EXT 2002"]
[Source "ChessBase"]
[SourceDate "2001.11.25"]
[SourceVersion "1"]
[SourceVersionDate "2001.11.25"]
[SourceQuality "1"]

1. e4 c5 2. Nf3 e6 3. d4 cxd4 4. Nxd4 Nc6 5. Nc3 d6 6. g3 Nf6 7. Bg2 Bd7 8. 0-0 Be7 9. Re1 Qc7 10. Nce2 0-0 11. c4 a6 12. Nxc6 bxc6 13. Nc3 e5 14. h3 Be6 15. b3 Nd7 16. Be3 Rab8 17. Qd2 Nc5 18. Rad1 Rfd8 19. Qc2 a5 20. f4 f6 21. f5 Bf7 22. Rb1 Na6 23. Red1 Rd7 24. g4 Qd8 25. Qf2 Rbb7 26. Rd2 Nb4 27. Rbd1 Qc8 28. h4 Kh8 29. Bf3 Qg8 30. g5 fxg5 31. hxg5 g6 32. Qg3 Bf8 33. c5 gxf5 34. exf5 Bg7 35. Rxd6 Rxd6 36. Rxd6 e4 37. Nxe4 Nd5 38. Bf2 a4 39. g6 axb3 40. axb3 Be8 41. f6 Bf8 42. g7+ Bxg7 43. fxg7+ Qxg7 44. Rd8 1-0

[Event "AZE-ch"]
[Site "Baku"]
[Date "2000.??.??"]
[Round "?"]
[White "Ibrahimov, Rasul"]
[Black "Badalov, Samir"]
[Result "1/2-1/2"]
[WhiteElo "2415"]
[BlackElo "2322"]
[PlyCount "132"]
[EventDate "2000.??.??"]
[EventType "tourn"]
[EventRounds "10"]
[EventCountry "AZE"]
[EventCategory "6"]
[SourceTitle "EXT 2002"]
[Source "ChessBase"]
[SourceDate "2001.11.25"]
[SourceVersion "1"]
[SourceVersionDate "2001.11.25"]
[SourceQuality "1"]

1. Nf3 Nf6 2. g3 c5 3. Bg2 Nc6 4. c4 d5 5. 0-0 e5 6. cxd5 Nxd5 7. Nc3 Be6 8. d3 Be7 9. Bd2 0-0 10. a3 Qd7 11. Nxd5 Bxd5 12. b4 cxb4 13. axb4 a6 14. Bc3 f6 15. Qd2 Rfe8 16. Qb2 Na7 17. e4 Bf7 18. d4 Nb5 19. dxe5 Nxc3 20. Qxc3 Qb5 21. exf6 Bxf6 22. e5 Rac8 23. Qd2 Rcd8 24. Qf4 Bxe5 25. Nxe5 Qxe5 26. Qxe5 Rxe5 27. Bxb7 Rb5 28. Bxa6 Rxb4 29. Rfd1 Rbd4 30. Be2 g5 31. Rxd4 Rxd4 32. Ra5 h6 33. h3 Kg7 34. Bf3 Kf6 35. Kg2 Kg7 36. Kg1 Kf6 37. Ra7 Rb4 38. Ra6+ Kg7 39. Rd6 Rb1+ 40. Kh2 Rb2 41. Kg2 Rb4 42. Rd3 Kf6 43. Rd6+ Kg7 44. Bg4 Ra4 45. Bf5 Ra5 46. Be4 Ra4 47. Kf3 Rb4 48. h4 Bh5+ 49. Ke3 Rb3+ 50. Bd3 gxh4 51. gxh4 Rb7 52. f3 Rf7 53. Be4 Rf6 54. Rd7+ Rf7 55. Rd2 Re7 56. Rd6 Bf7 57. Kf4 Bh5 58. Ke3 Bf7 59. f4 Re6 60. Rd7 Kf6 61. f5 Rb6 62. Kf4 Ra6 63. Rd4 Rb6 64. Ra4 Be8 65. Rd4 Bf7 66. Rd8 Ra6 1/2-1/2

[Event "AZE-chT rap"]
[Site "Baku"]
[Date "2000.??.??"]
[Round "?"]
[White "Maharramzade, Javad"]
[Black "Badalov, Samir"]
[Result "1-0"]
[WhiteElo "2423"]
[BlackElo "2322"]
[PlyCount "81"]
[EventDate "2000.??.??"]
[EventType "team (rapid)"]
[EventRounds "9"]
[EventCountry "AZE"]
[SourceTitle "EXT 2002"]
[Source "ChessBase"]
[SourceDate "2001.11.25"]
[SourceVersion "1"]
[SourceVersionDate "2001.11.25"]
[SourceQuality "1"]

1. d4 Nf6 2. Nf3 g6 3. c4 Bg7 4. g3 0-0 5. Bg2 d6 6. Nc3 Nbd7 7. 0-0 e5 8. e4 Re8 9. h3 c6 10. Be3 Qe7 11. Re1 Nh5 12. d5 c5 13. Nd2 a6 14. a3 b6 15. Rb1 Rf8 16. b4 Nf4 17. Bf1 g5 18. bxc5 bxc5 19. Nf3 h5 20. Nh2 g4 21. hxg4 hxg4 22. Qxg4 Nf6 23. Qd1 Ng6 24. Bg5 Qc7 25. Na4 Nh7 26. Bd2 f5 27. Nb6 Ra7 28. Nxc8 Qxc8 29. Qh5 Qe8 30. exf5 Ne7 31. Qxe8 Rxe8 32. g4 Bf6 33. Rb6 Nc8 34. Rb8 Rae7 35. f4 exf4 36. Rxe7 Bxe7 37. Bxf4 Nf6 38. g5 Nd7 39. Rb7 Rd8 40. f6 Bf8 41. Bh3 1-0

[Event "AZE-chT rap"]
[Site "Baku"]
[Date "2000.??.??"]
[Round "?"]
[White "Mamedyarov, Shakhriyar"]
[Black "Badalov, Samir"]
[Result "1-0"]
[WhiteElo "2201"]
[BlackElo "2322"]
[PlyCount "59"]
[EventDate "2000.??.??"]
[EventType "team (rapid)"]
[EventRounds "9"]
[EventCountry "AZE"]
[SourceTitle "EXT 2002"]
[Source "ChessBase"]
[SourceDate "2001.11.25"]
[SourceVersion "1"]
[SourceVersionDate "2001.11.25"]
[SourceQuality "1"]

1. d4 Nf6 2. Nf3 c5 3. d5 e6 4. Nc3 exd5 5. Nxd5 Nxd5 6. Qxd5 Nc6 7. c3 d6 8. Ng5 Qe7 9. Bf4 Be6 10. Nxe6 fxe6 11. Qd2 Qf7 12. e4 Be7 13. Rd1 0-0 14. Bg3 Rad8 15. Bc4 d5 16. exd5 Na5 17. dxe6 Qf5 18. Bd3 Qxe6+ 19. Qe2 Qxe2+ 20. Bxe2 Rxd1+ 21. Kxd1 Bg5 22. Kc2 Bf4 23. Bxf4 Rxf4 24. Bf3 g5 25. Re1 Kg7 26. Re4 Rf5 27. h4 Nc6 28. hxg5 Ne5 29. Be2 Ng6 30. f3 1-0

[Event "Baku Cup"]
[Site "Baku"]
[Date "1999.??.??"]
[Round "7"]
[White "Shukurova, Meihriban"]
[Black "Badalov, Samir"]
[Result "1/2-1/2"]
[WhiteElo "2204"]
[BlackElo "2322"]
[PlyCount "61"]
[EventDate "1999.11.??"]
[EventType "swiss"]
[EventRounds "9"]
[EventCountry "AZE"]
[SourceTitle "CBM 073 Extra"]
[Source "ChessBase"]
[SourceDate "2000.01.11"]
[SourceVersion "1"]
[SourceVersionDate "2000.01.11"]
[SourceQuality "1"]

1. e4 c6 2. d4 d5 3. Nc3 dxe4 4. Nxe4 Nf6 5. Nxf6+ gxf6 6. c3 Bf5 7. Nf3 Qc7 8. g3 e6 9. Bg2 Nd7 10. 0-0 0-0-0 11. Qb3 Be4 12. Be3 h5 13. Bf4 Bd6 14. Bxd6 Qxd6 15. Rfe1 Bxf3 16. Bxf3 h4 17. Rad1 f5 18. c4 Nf6 19. d5 hxg3 20. hxg3 cxd5 21. cxd5 Nxd5 22. Bxd5 exd5 23. Qc2+ Kb8 24. Qxf5 Qh6 25. Kg2 Qh2+ 26. Kf3 d4 27. Qe5+ Ka8 28. Rxd4 Rxd4 29. Qxd4 Qh5+ 30. Qg4 Qb5 31. Qd4 1/2-1/2

[Event "AZE-ch qual"]
[Site "Baku"]
[Date "1998.??.??"]
[Round "?"]
[White "Babaev, Rashad"]
[Black "Badalov, Samir"]
[Result "1-0"]
[WhiteElo "2245"]
[BlackElo "2295"]
[PlyCount "65"]
[EventDate "1998.??.??"]
[EventType "swiss"]
[EventRounds "9"]
[EventCountry "AZE"]
[SourceTitle "EXT 2000"]
[Source "ChessBase"]
[SourceDate "1999.11.16"]
[SourceVersion "1"]
[SourceVersionDate "1999.11.16"]
[SourceQuality "1"]

1. e4 c6 2. d4 d5 3. Nd2 dxe4 4. Nxe4 Nf6 5. Ng3 h5 6. h4 Bg4 7. Be2 Qc7 8. Nf3 Bxf3 9. Bxf3 e6 10. c3 g6 11. Bg5 Nbd7 12. Qd2 0-0-0 13. 0-0 Bd6 14. b4 Rdg8 15. c4 Nh7 16. Be3 Qd8 17. Ne4 Be7 18. Bf4 f5 19. Ng5 Nxg5 20. hxg5 e5 21. dxe5 Nf8 22. Qc3 Ne6 23. Be3 Qc7 24. b5 Bxg5 25. bxc6 bxc6 26. Rab1 Bxe3 27. Qxe3 Rd8 28. Qa3 a5 29. c5 Nd4 30. Rb6 Kd7 31. Rd1 Ke8 32. Qc3 Qxe5 33. Re1 1-0

[Event "AZE-ch"]
[Site "Baku"]
[Date "1998.??.??"]
[Round "?"]
[White "Badalov, Samir"]
[Black "Bagirov, Rufat"]
[Result "0-1"]
[WhiteElo "2295"]
[BlackElo "2325"]
[PlyCount "104"]
[EventDate "1998.??.??"]
[EventType "tourn"]
[EventRounds "10"]
[EventCountry "AZE"]
[SourceTitle "EXT 2002"]
[Source "ChessBase"]
[SourceDate "2001.11.25"]
[SourceVersion "1"]
[SourceVersionDate "2001.11.25"]
[SourceQuality "1"]

1. d4 Nf6 2. Nf3 d5 3. c4 e6 4. Nc3 Bb4 5. e3 0-0 6. Bd3 c5 7. 0-0 Nc6 8. a3 Bxc3 9. bxc3 dxc4 10. Bxc4 Qc7 11. Qe2 e5 12. Nxe5 Nxe5 13. dxe5 Qxe5 14. Bd3 Rd8 15. f3 Be6 16. Bb2 c4 17. Bc2 Rd7 18. Rad1 Nd5 19. Rfe1 Nxc3 20. Bxh7+ Kh8 21. Bxc3 Qxc3 22. Rxd7 Bxd7 23. Be4 Be6 24. f4 g6 25. Rd1 Bg4 26. Bf3 Bxf3 27. Qxf3 Re8 28. e4 Qxf3 29. gxf3 Rc8 30. Kf2 b5 31. Ke2 c3 32. Rc1 a5 33. Kd3 b4 34. axb4 axb4 35. Kc2 Rd8 36. Kb3 Rd4 37. Rg1 Kh7 38. Rg5 Rd1 39. Rc5 Rb1+ 40. Kc2 Rb2+ 41. Kc1 Rxh2 42. Rc4 Rf2 43. Rxb4 Rxf3 44. e5 Rf2 45. Rc4 c2 46. Rxc2 Rxf4 47. Rc7 g5 48. Kd2 Kg6 49. Ke3 Rf1 50. Re7 g4 51. e6 fxe6 52. Rxe6+ Kg5 0-1

[Event "Baku Cup"]
[Site "Baku"]
[Date "1998.??.??"]
[Round "?"]
[White "Dovliatov, Sanan"]
[Black "Badalov, Samir"]
[Result "0-1"]
[WhiteElo "2305"]
[BlackElo "2295"]
[PlyCount "68"]
[EventDate "1998.??.??"]
[EventType "swiss"]
[EventRounds "9"]
[EventCountry "AZE"]
[SourceTitle "EXT 2000"]
[Source "ChessBase"]
[SourceDate "1999.11.16"]
[SourceVersion "1"]
[SourceVersionDate "1999.11.16"]
[SourceQuality "1"]

1. e4 c5 2. Nf3 e6 3. d4 cxd4 4. Nxd4 Nc6 5. Nc3 d6 6. Be3 Be7 7. Be2 Nf6 8. 0-0 0-0 9. f4 Qc7 10. Kh1 Bd7 11. Bf3 a6 12. a4 Rfd8 13. Nb3 b6 14. Qd2 Rab8 15. g4 Bc8 16. g5 Nd7 17. Bg2 Bf8 18. Rad1 Bb7 19. Rf3 Nb4 20. Rh3 g6 21. Qf2 Bg7 22. Rf1 Bc8 23. f5 exf5 24. exf5 Ne5 25. Qh4 Bxf5 26. Qxb4 Bxh3 27. Bxh3 Qc4 28. Rf4 Qc6+ 29. Bg2 d5 30. Rd4 Bf8 31. Rxd5 Bxb4 32. Rxd8+ Rxd8 33. Bxc6 Bxc3 34. bxc3 b5 0-1

[Event "AZE-ch qual"]
[Site "Baku"]
[Date "1998.??.??"]
[Round "?"]
[White "Gasimov, Rahim"]
[Black "Badalov, Samir"]
[Result "1-0"]
[WhiteElo "2395"]
[BlackElo "2295"]
[PlyCount "69"]
[EventDate "1998.??.??"]
[EventType "swiss"]
[EventRounds "9"]
[EventCountry "AZE"]
[SourceTitle "EXT 2000"]
[Source "ChessBase"]
[SourceDate "1999.11.16"]
[SourceVersion "1"]
[SourceVersionDate "1999.11.16"]
[SourceQuality "1"]

1. Nf3 Nf6 2. c4 c5 3. Nc3 g6 4. g3 Bg7 5. Bg2 0-0 6. 0-0 d5 7. cxd5 Nxd5 8. d4 Nxc3 9. bxc3 Nc6 10. d5 Na5 11. Bf4 b6 12. Qc1 Ba6 13. Re1 Qxd5 14. Nd2 Qh5 15. Bf3 Qf5 16. Bxa8 Rxa8 17. Rb1 Qd5 18. Qc2 e5 19. Be3 f5 20. f3 Qe6 21. Rbd1 Re8 22. Nf1 h5 23. Qa4 e4 24. Rd6 Qxd6 25. Qxe8+ Kh7 26. fxe4 fxe4 27. Bf4 Qd5 28. Ne3 Qxa2 29. Rd1 Qxe2 30. Rd6 Nb7 31. Qxg6+ Kh8 32. Bh6 Qe1+ 33. Kg2 Bf1+ 34. Nxf1 Qe2+ 35. Kg1 1-0